000 00482nam a2200157 i 4500
001 88668
003 ES-MaACL
005 20230906175912.0
007 t|
008 050105s1927 ve ||||1| spa d
100 1 _aLandaeta, Antonio.
_969924
245 1 3 _aEl ejercicio de los derechos y acciones del deudor por sus acreedores /
_cAntonio Landaeta.
260 _aCaracas (Venezuela) :
_bEditorial Sudamericana,
_c1927.
300 _a22 p. ;
_c24 cm.
852 _aES-MaACL
_j1723-F-21
999 _c88668
_d88668